A nyelv teremtő ereje

Bibliographic Details
Main Author: Csanda, Gábor, 1963- (Author)
Format: Article
Language:Hungarian
ISSN:1335-7050
Subjects:

MARC

LEADER 00000nab a2200000 ar4500
001 vtls010073811
003 SK-MaSNL
005 20260304000707.0
008 100310c20100212xo ||||||o| 000 b|hun
015 |a SNBRB2010/02  |2 snkbucl 
038 |a SNKBUCL 
040 |a DSZK  |b slo  |c DSZK  |e AACR2 
041 0 |a hun 
044 |a xo  |c SK 
080 |a 82.09:821.511.141 (437.6)-31  |2 2001 
080 |a 821.511.141 (437.6)-31  |2 2001 
100 1 |a Csanda, Gábor,  |d 1963-  |4 aut  |9 98659 
245 1 0 |a A nyelv teremtő ereje  |c Csanda Gábor 
650 0 7 |a maďarské romány  |2 snkbucl  |9 282203 
655 7 |a recenzie  |2 SNKPH  |9 21907 
740 0 2 |a Gépesített kisremény 
773 0 |t Új szó  |g Évf. 63, sz. 35 (12.2.2010), o. 8  |x 1335-7050 
787 0 8 |i Rec.:  |a Szászi, Zoltán  |t A felejteni nem tudás gyönyörűsége és szomorúsága : gépesített kisremény  |d Fülek : Plectrum, 2009  |z 9788089262144 
852 |a SNK  |b KIS3GCP 
852 |a DSZK  |b KIS3GCP 
958 |a HU 
958 |a SK 
958 |a LX 
958 |a RC 
999 |c 2532649  |d 2534579